Trau dồi kỹ năng tiếng Thái theo phương pháp mới Sơ cấp 5, tập 2

Αποθηκεύτηκε σε:
Λεπτομέρειες βιβλιογραφικής εγγραφής
Μορφή: Βιβλίο
Ετικέτες: Προσθήκη ετικέτας
Δεν υπάρχουν, Καταχωρήστε ετικέτα πρώτοι!
Thư viện lưu trữ: Mạng thư viện Đại học Đà Nẵng
LEADER 00464nam a22001691a 4500
001 000036704
003 12999
005 20160412012711.0
008 160412s0 000
082 |a 4T(07)94 
245 |a Trau dồi kỹ năng tiếng Thái theo phương pháp mới Sơ cấp 5, tập 2  |c Narabodee 
OWN |a LNN 
999 |a From the UDN01 
TYP |a Monograph 
980 |a Mạng thư viện Đại học Đà Nẵng